[Event "ST-2022-0-00218"]
[Site "LSS email"]
[Date "2022.03.22"]
[Round "?"]
[White "Mueller Alves, Martin"]
[Black "Koch, Christian"]
[Result "1/2-1/2"]
[WhiteElo "2421"]
[BlackElo "2352"]
[PlyCount "73"]
[EventDate "2022.02.18"]
[EventType "tourn (corr)"]
[EventRounds "6"]
[EventCountry "GER"]
[SourceTitle "Corr 2024"]
[Source "ChessBase"]
[SourceDate "2023.10.19"]
[SourceVersion "1"]
[SourceVersionDate "2023.10.19"]
[SourceQuality "1"]

1. d4 d5 2. c4 e6 3. Nf3 Nf6 4. Nc3 c6 5. Bg5 h6 6. Bh4 dxc4 7. e4 g5 8. Bg3 b5 9. Be2 Bb7 10. 0-0 Nbd7 11. Ne5 h5 12. Nxd7 Qxd7 13. Qc1 Rg8 14. Rd1 a6 15. b3 cxb3 16. axb3 Bb4 17. Be5 Ng4 18. Bg3 Nf6 19. Be5 Qe7 20. Na2 Ba5 21. Bxf6 Qxf6 22. e5 Qe7 23. Bxh5 0-0-0 24. Nc3 Bb6 25. d5 Qc5 26. Ne4 Qxc1 27. Raxc1 exd5 28. Nf6 Rh8 29. Bxf7 Bc7 30. Ng4 Kd7 31. g3 Ke7 32. Bxd5 a5 33. Be4 Rxd1+ 34. Rxd1 Rd8 35. Rxd8 Bxd8 36. h4 gxh4 37. gxh4 1/2-1/2

[Event "ST-2022-0-00219"]
[Site "LSS email"]
[Date "2022.03.22"]
[Round "?"]
[White "Mueller Alves, Martin"]
[Black "Koch, Christian"]
[Result "1/2-1/2"]
[WhiteElo "2421"]
[BlackElo "2331"]
[PlyCount "44"]
[EventDate "2022.03.16"]
[EventType "tourn (corr)"]
[EventRounds "6"]
[EventCountry "GER"]
[SourceTitle "Corr 2024"]
[Source "ChessBase"]
[SourceDate "2023.10.19"]
[SourceVersion "1"]
[SourceVersionDate "2023.10.19"]
[SourceQuality "1"]

1. d4 Nf6 2. c4 g6 3. Nc3 d5 4. cxd5 Nxd5 5. e4 Nxc3 6. bxc3 Bg7 7. Nf3 c5 8. Rb1 0-0 9. Be2 cxd4 10. cxd4 Qa5+ 11. Bd2 Qxa2 12. 0-0 Bg4 13. Bg5 h6 14. Be3 Nc6 15. d5 Ne5 16. Rxb7 a5 17. Rxe7 a4 18. Bd4 Nxf3+ 19. Bxf3 Bxf3 20. gxf3 Bxd4 21. Qxd4 a3 22. d6 Qb2 1/2-1/2

[Event "ST-2022-0-00218"]
[Site "LSS email"]
[Date "2022.03.22"]
[Round "?"]
[White "Mueller Alves, Martin"]
[Black "Willmann, Bernd"]
[Result "1-0"]
[WhiteElo "2421"]
[BlackElo "2352"]
[PlyCount "41"]
[EventDate "2022.02.18"]
[EventType "tourn (corr)"]
[EventRounds "6"]
[EventCountry "GER"]
[SourceTitle "Corr 2024"]
[Source "ChessBase"]
[SourceDate "2023.10.19"]
[SourceVersion "1"]
[SourceVersionDate "2023.10.19"]
[SourceQuality "1"]

1. e4 c5 2. Nf3 d6 3. d4 cxd4 4. Nxd4 Nf6 5. Nc3 a6 6. f3 e5 7. Nb3 Be7 8. Be3 Be6 9. Qd2 0-0 10. 0-0-0 Nbd7 11. g4 b5 12. g5 Nh5 13. Kb1 Nb6 14. Nd5 Nxd5 15. exd5 Bf5 16. Na5 f6 17. Nc6 Qd7 18. h4 Ng3 19. Rg1 Nxf1 20. Rdxf1 fxg5 21. hxg5 1-0

[Event "ST-2021-0-00210"]
[Site "LSS email"]
[Date "2021.12.01"]
[Round "?"]
[White "Cvak, Rudolf"]
[Black "Mueller Alves, Martin"]
[Result "1/2-1/2"]
[WhiteElo "2319"]
[BlackElo "2414"]
[PlyCount "41"]
[EventDate "2021.11.24"]
[EventType "tourn (corr)"]
[EventRounds "6"]
[EventCountry "GER"]
[SourceTitle "Corr 2024"]
[Source "ChessBase"]
[SourceDate "2023.10.19"]
[SourceVersion "1"]
[SourceVersionDate "2023.10.19"]
[SourceQuality "1"]

1. d4 Nf6 2. c4 e6 3. g3 d5 4. Nf3 Bb4+ 5. Bd2 Be7 6. Bg2 0-0 7. 0-0 c6 8. Qc2 Nbd7 9. Bf4 b6 10. Rd1 Bb7 11. Ne5 Nh5 12. Bd2 Nhf6 13. cxd5 cxd5 14. Nc6 Bxc6 15. Qxc6 Rc8 16. Qb5 Ne8 17. Qa4 Nd6 18. Na3 Qc7 19. e3 Qb7 20. Bf1 a5 21. Be1 1/2-1/2

[Event "ST-2021-0-00209"]
[Site "LSS email"]
[Date "2021.11.30"]
[Round "?"]
[White "Mueller Alves, Martin"]
[Black "Bernal Varela, Nelson"]
[Result "1/2-1/2"]
[WhiteElo "2414"]
[BlackElo "2402"]
[PlyCount "91"]
[EventDate "2021.11.21"]
[EventType "tourn (corr)"]
[EventRounds "6"]
[EventCountry "GER"]
[SourceTitle "Corr 2024"]
[Source "ChessBase"]
[SourceDate "2023.10.19"]
[SourceVersion "1"]
[SourceVersionDate "2023.10.19"]
[SourceQuality "1"]

1. e4 c5 2. Nf3 e6 3. d4 cxd4 4. Nxd4 Nc6 5. Nc3 Qc7 6. Be3 a6 7. Qf3 b5 8. Nxc6 Qxc6 9. Bd3 b4 10. Nb1 a5 11. 0-0 Nf6 12. Nd2 Ba6 13. Qg3 h5 14. h3 h4 15. Qf3 Be7 16. Qe2 0-0 17. Bg5 Bxd3 18. cxd3 Rfc8 19. Nf3 Qc2 20. Rfe1 b3 21. axb3 Qxe2 22. Rxe2 Rcb8 23. Bxh4 Rxb3 24. Rd2 Bc5 25. Ra2 d6 26. Bxf6 gxf6 27. Kf1 Rb4 28. Ke2 Kh7 29. Ne1 Bb6 30. Nc2 Rb3 31. Ne1 Rd8 32. Rc2 Rb4 33. Rc6 d5 34. Nc2 Rb3 35. Rc3 Rb5 36. Na3 Rb4 37. exd5 Rxd5 38. Nc4 Kg6 39. Rca3 Rf5 40. Nxb6 Rxb6 41. Rxa5 Rxa5 42. Rxa5 Rxb2+ 43. Kf3 Rb3 44. Ke3 f5 45. Ra6 Rb1 46. g3 1/2-1/2

[Event "ST-2021-0-00210"]
[Site "LSS email"]
[Date "2021.11.29"]
[Round "?"]
[White "Mueller Alves, Martin"]
[Black "Sorcinelli, Andrea"]
[Result "1/2-1/2"]
[WhiteElo "2414"]
[BlackElo "2356"]
[PlyCount "82"]
[EventDate "2021.11.24"]
[EventType "tourn (corr)"]
[EventRounds "6"]
[EventCountry "GER"]
[SourceTitle "Corr 2024"]
[Source "ChessBase"]
[SourceDate "2023.10.19"]
[SourceVersion "1"]
[SourceVersionDate "2023.10.19"]
[SourceQuality "1"]

1. e4 c5 2. Nf3 d6 3. d4 cxd4 4. Nxd4 Nf6 5. Nc3 a6 6. f3 e5 7. Nb3 Be6 8. Be3 h5 9. Nd5 Bxd5 10. exd5 Nbd7 11. Qd2 g6 12. Be2 Qc7 13. Rc1 Bg7 14. c4 b6 15. 0-0 0-0 16. Na1 h4 17. Nc2 Nh5 18. Nb4 Rfe8 19. b3 a5 20. Nc6 f5 21. Bd3 Nc5 22. Rcd1 Qf7 23. Bc2 Kh7 24. Rf2 Nd7 25. g3 hxg3 26. hxg3 f4 27. gxf4 exf4 28. Bd4 Ng3 29. Rh2+ Kg8 30. Bf2 a4 31. bxa4 Ne5 32. Kg2 Nxc4 33. Qb4 b5 34. axb5 Ne3+ 35. Bxe3 Rxe3 36. Qxd6 Rxa2 37. Rd2 Re1 38. Nd8 Qf6 39. Qxf6 Bxf6 40. d6 Kg7 41. b6 Rb2 1/2-1/2

[Event "ST-2021-0-00208"]
[Site "LSS email"]
[Date "2021.11.25"]
[Round "?"]
[White "Bernal Varela, Nelson"]
[Black "Mueller Alves, Martin"]
[Result "1/2-1/2"]
[WhiteElo "2402"]
[BlackElo "2414"]
[PlyCount "99"]
[EventDate "2021.11.14"]
[EventType "tourn (corr)"]
[EventRounds "6"]
[EventCountry "GER"]
[SourceTitle "Corr 2024"]
[Source "ChessBase"]
[SourceDate "2023.10.19"]
[SourceVersion "1"]
[SourceVersionDate "2023.10.19"]
[SourceQuality "1"]

1. e4 e5 2. Nf3 Nf6 3. Nxe5 d6 4. Nf3 Nxe4 5. d4 d5 6. Bd3 Nc6 7. 0-0 Be7 8. Nbd2 Nxd2 9. Bxd2 Bg4 10. c3 0-0 11. h3 Bh5 12. g3 Qd7 13. Kg2 Bg6 14. Bf4 Bxd3 15. Qxd3 a6 16. Rae1 Rae8 17. Re2 Bf6 18. Rfe1 Rxe2 19. Qxe2 Nd8 20. h4 Ne6 21. Bg5 Bxg5 22. hxg5 Re8 23. Qd3 Qd8 24. Qf5 g6 25. Qg4 Nf8 26. Ne5 Nd7 27. f4 f6 28. gxf6 Nxf6 29. Qh3 Qc8 30. g4 Re7 31. Qh4 Qf8 32. Rf1 Ne4 33. f5 gxf5 34. Rxf5 Qe8 35. a4 Nd6 36. Rg5+ Rg7 37. a5 Rxg5 38. Qxg5+ Kh8 39. Qf6+ Kg8 40. Qg5+ Kh8 41. Qf6+ Kg8 42. Kf3 Qf8 43. Qxf8+ Kxf8 44. g5 Kg7 45. Kf4 b6 46. b4 Nb5 47. Nd7 Kf7 48. Ke5 bxa5 49. bxa5 Nxc3 50. Nc5 1/2-1/2

[Event "ST-2021-0-00195"]
[Site "LSS email"]
[Date "2021.07.23"]
[Round "?"]
[White "Koch, Christian"]
[Black "Mueller Alves, Martin"]
[Result "1/2-1/2"]
[WhiteElo "2374"]
[BlackElo "2399"]
[PlyCount "41"]
[EventDate "2021.05.31"]
[EventType "tourn (corr)"]
[EventRounds "6"]
[EventCountry "GER"]
[SourceTitle "Corr 2024"]
[Source "ChessBase"]
[SourceDate "2023.10.19"]
[SourceVersion "1"]
[SourceVersionDate "2023.10.19"]
[SourceQuality "1"]

1. c4 e5 2. g3 Nf6 3. Bg2 d5 4. cxd5 Nxd5 5. Nc3 Nb6 6. Nf3 Nc6 7. 0-0 Be7 8. d3 0-0 9. Be3 Re8 10. d4 exd4 11. Nxd4 Nxd4 12. Bxd4 c6 13. Qd3 Be6 14. Rfd1 Qc7 15. Qc2 Rad8 16. b3 Nd5 17. Nxd5 Bxd5 18. Bxd5 Rxd5 19. Rd3 Bf8 20. Rad1 Red8 21. e4 1/2-1/2

[Event "ST-2021-0-00183"]
[Site "LSS email"]
[Date "2021.02.27"]
[Round "?"]
[White "Mueller Alves, Martin"]
[Black "Nichols, Scott"]
[Result "1/2-1/2"]
[WhiteElo "2391"]
[BlackElo "2356"]
[PlyCount "77"]
[EventDate "2021.02.07"]
[EventType "tourn (corr)"]
[EventRounds "6"]
[EventCountry "GER"]
[SourceTitle "Corr 2024"]
[Source "ChessBase"]
[SourceDate "2023.10.19"]
[SourceVersion "1"]
[SourceVersionDate "2023.10.19"]
[SourceQuality "1"]

1. e4 e5 2. Nf3 Nc6 3. Bb5 a6 4. Ba4 Nf6 5. 0-0 Be7 6. Re1 b5 7. Bb3 0-0 8. c3 d5 9. exd5 Nxd5 10. Nxe5 Nxe5 11. Rxe5 c6 12. d3 Bd6 13. Re1 Bf5 14. Qf3 Qh4 15. g3 Qh3 16. Be3 Bxd3 17. Nd2 Bf5 18. Bxd5 cxd5 19. Qxd5 Rfd8 20. Qf3 Bf8 21. a3 Be6 22. Bb6 Bd5 23. Ne4 Rd7 24. Ng5 Bxf3 25. Nxh3 Rd2 26. Rab1 a5 27. Be3 Rdd8 28. Ra1 b4 29. axb4 axb4 30. Bd4 bxc3 31. Rxa8 Rxa8 32. Bxc3 f6 33. Nf4 g5 34. Ne6 Kf7 35. h4 Ra6 36. Nxf8 Kxf8 37. Kh2 Kf7 38. Re3 g4 39. Re1 1/2-1/2

[Event "ST-2021-0-00182"]
[Site "LSS email"]
[Date "2021.02.26"]
[Round "?"]
[White "Susla, Vitaliy"]
[Black "Mueller Alves, Martin"]
[Result "1/2-1/2"]
[WhiteElo "2315"]
[BlackElo "2391"]
[PlyCount "52"]
[EventDate "2021.01.18"]
[EventType "tourn (corr)"]
[EventRounds "6"]
[EventCountry "GER"]
[SourceTitle "Corr 2024"]
[Source "ChessBase"]
[SourceDate "2023.10.19"]
[SourceVersion "1"]
[SourceVersionDate "2023.10.19"]
[SourceQuality "1"]

1. d4 Nf6 2. c4 e6 3. Nf3 d5 4. g3 Bb4+ 5. Bd2 Be7 6. Bg2 0-0 7. 0-0 c6 8. Qc2 b6 9. Rd1 Nbd7 10. Bf4 Bb7 11. Nc3 dxc4 12. Nd2 Nd5 13. Nxc4 Nxf4 14. gxf4 Qc7 15. e3 Rad8 16. Rac1 c5 17. d5 exd5 18. Nxd5 Bxd5 19. Rxd5 b5 20. Ne5 Nxe5 21. Rxe5 a6 22. a4 Bd6 23. Rd5 Be7 24. Re5 Bd6 25. Rd5 Be7 26. Re5 Bd6 1/2-1/2

[Event "WC-2021-T-00001"]
[Site "LSS email"]
[Date "2021.01.15"]
[Round "?"]
[White "Osipov, Anatoly"]
[Black "Mueller Alves, Martin"]
[Result "1/2-1/2"]
[WhiteElo "2429"]
[BlackElo "2397"]
[PlyCount "52"]
[EventDate "2021.01.15"]
[EventType "tourn (corr)"]
[EventRounds "10"]
[EventCountry "GER"]
[SourceTitle "Corr 2024"]
[Source "ChessBase"]
[SourceDate "2023.10.19"]
[SourceVersion "1"]
[SourceVersionDate "2023.10.19"]
[SourceQuality "1"]

1. e4 e5 2. Nf3 Nf6 3. d4 Nxe4 4. Bd3 d5 5. Nxe5 Nd7 6. Nxd7 Bxd7 7. 0-0 Bd6 8. Nc3 Nxc3 9. bxc3 0-0 10. Qh5 f5 11. Re1 c6 12. Bg5 Qc7 13. Re3 Rf7 14. Rae1 Raf8 15. c4 h6 16. Be7 Bxe7 17. Rxe7 Qf4 18. Qg6 Qxd4 19. Qd6 Rxe7 20. Rxe7 Qa1+ 21. Bf1 Be8 22. Rxb7 Qxa2 23. Qe5 Bf7 24. cxd5 Qxd5 25. Qxd5 cxd5 26. Rxa7 f4 1/2-1/2

[Event "ST-2020-0-00177"]
[Site "LSS email"]
[Date "2020.12.31"]
[Round "?"]
[White "Mueller Alves, Martin"]
[Black "Susla, Vitaliy"]
[Result "1/2-1/2"]
[WhiteElo "2397"]
[BlackElo "2327"]
[PlyCount "70"]
[EventDate "2020.12.09"]
[EventType "tourn (corr)"]
[EventRounds "6"]
[EventCountry "GER"]
[SourceTitle "Corr 2024"]
[Source "ChessBase"]
[SourceDate "2023.10.19"]
[SourceVersion "1"]
[SourceVersionDate "2023.10.19"]
[SourceQuality "1"]

1. e4 e5 2. Nf3 Nc6 3. d4 exd4 4. Nxd4 Nf6 5. Nxc6 bxc6 6. e5 Qe7 7. Qe2 Nd5 8. c4 Ba6 9. b3 g6 10. f4 d6 11. Qf2 Nf6 12. Be2 dxe5 13. 0-0 Ne4 14. Qe1 Nc5 15. Nc3 exf4 16. Bxf4 Ne6 17. Rd1 Bg7 18. Be3 0-0 19. Bf3 Rad8 20. Rxd8 Rxd8 21. Bxc6 Nd4 22. Nd5 Qe6 23. Bg5 Nxc6 24. Qxe6 fxe6 25. Nxc7 Bc8 26. Bxd8 Bd4+ 27. Kh1 Nxd8 28. b4 e5 29. Nb5 Bf5 30. a4 Ne6 31. c5 Bd3 32. Nxd4 exd4 33. Rf2 Be4 34. Kg1 Bd5 35. Kf1 a6 1/2-1/2

[Event "ST-2020-0-00177"]
[Site "LSS email"]
[Date "2020.12.28"]
[Round "?"]
[White "Wosch, Arkadiusz"]
[Black "Mueller Alves, Martin"]
[Result "1/2-1/2"]
[WhiteElo "2330"]
[BlackElo "2397"]
[PlyCount "73"]
[EventDate "2020.12.09"]
[EventType "tourn (corr)"]
[EventRounds "6"]
[EventCountry "GER"]
[SourceTitle "Corr 2024"]
[Source "ChessBase"]
[SourceDate "2023.10.19"]
[SourceVersion "1"]
[SourceVersionDate "2023.10.19"]
[SourceQuality "1"]

1. e4 e5 2. Nf3 Nf6 3. Nxe5 d6 4. Nf3 Nxe4 5. d4 d5 6. Bd3 Nc6 7. 0-0 Be7 8. c4 Nb4 9. Be2 0-0 10. Nc3 Bf5 11. a3 Nxc3 12. bxc3 Nc6 13. Re1 Re8 14. Bf4 dxc4 15. Bxc4 Bd6 16. Rxe8+ Qxe8 17. Ng5 Bg6 18. Bxd6 cxd6 19. h4 Qe7 20. g3 Re8 21. Bf1 Qd8 22. Nh3 h6 23. Nf4 Be4 24. Bg2 Bxg2 25. Kxg2 Qc8 26. Qf3 Na5 27. a4 Nc4 28. Ra2 Qc6 29. Qxc6 bxc6 30. a5 Rb8 31. Nd3 Rb5 32. a6 Kf8 33. Nb4 Rb6 34. d5 cxd5 35. Ra4 Nb2 36. Ra2 Nc4 37. Ra4 1/2-1/2

[Event "ST-2020-0-00176"]
[Site "LSS email"]
[Date "2020.12.27"]
[Round "?"]
[White "Pascual Perez, Norge"]
[Black "Mueller Alves, Martin"]
[Result "1/2-1/2"]
[WhiteElo "2465"]
[BlackElo "2397"]
[PlyCount "63"]
[EventDate "2020.12.07"]
[EventType "tourn (corr)"]
[EventRounds "6"]
[EventCountry "GER"]
[SourceTitle "Corr 2024"]
[Source "ChessBase"]
[SourceDate "2023.10.19"]
[SourceVersion "1"]
[SourceVersionDate "2023.10.19"]
[SourceQuality "1"]

1. e4 c5 2. Nf3 d6 3. d4 cxd4 4. Nxd4 Nf6 5. Nc3 a6 6. Bg5 Nbd7 7. f4 Qb6 8. Qd2 e5 9. Nf5 h6 10. Bh4 Qxb2 11. Rb1 Qa3 12. Bc4 exf4 13. Bb3 Qa5 14. 0-0 Ne5 15. Bxf6 gxf6 16. Qd4 Qc5 17. Rxf4 Bxf5 18. exf5 Rb8 19. Nd5 Be7 20. Kh1 Qxd4 21. Rxd4 Bd8 22. Nf4 Kf8 23. Rxd6 h5 24. Nd3 Be7 25. Nxe5 fxe5 26. Rd5 h4 27. Rxe5 Rd8 28. Bc4 b5 29. Bd3 Rd4 30. Rbe1 Bd8 31. R1e4 Rxe4 32. Rxe4 1/2-1/2

[Event "ST-2020-0-00176"]
[Site "LSS email"]
[Date "2020.12.25"]
[Round "?"]
[White "Mueller Alves, Martin"]
[Black "Kudr, Roman"]
[Result "1/2-1/2"]
[WhiteElo "2397"]
[BlackElo "2323"]
[PlyCount "87"]
[EventDate "2020.12.07"]
[EventType "tourn (corr)"]
[EventRounds "6"]
[EventCountry "GER"]
[SourceTitle "Corr 2024"]
[Source "ChessBase"]
[SourceDate "2023.10.19"]
[SourceVersion "1"]
[SourceVersionDate "2023.10.19"]
[SourceQuality "1"]

1. e4 c6 2. d4 d5 3. Nd2 dxe4 4. Nxe4 Bf5 5. Ng3 Bg6 6. h4 h6 7. Nf3 Nd7 8. h5 Bh7 9. Bd3 Bxd3 10. Qxd3 e6 11. Bd2 Ngf6 12. 0-0-0 Be7 13. Kb1 Qb6 14. Rhe1 0-0 15. Nf5 exf5 16. Rxe7 Qd8 17. Ree1 Ne4 18. Be3 Ndf6 19. Ne5 Re8 20. f3 Ng3 21. Bf2 Nfxh5 22. Qc4 Qc7 23. Nd3 Ne2 24. d5 Nef4 25. Nxf4 Rxe1 26. Bxe1 Qxf4 27. Qb3 Qc7 28. d6 Qd7 29. Qa4 f4 30. Qd4 b6 31. Bd2 Rd8 32. Bxf4 Nxf4 33. Qxf4 Qe6 34. b4 Qe2 35. Rd2 Qe1+ 36. Kb2 c5 37. bxc5 g5 38. Qf6 Qxd2 39. Qxd8+ Kg7 40. Kb3 Qd5+ 41. c4 Qxc5 42. Qc7 Qe3+ 43. Kc2 Qe2+ 44. Kc3 1/2-1/2

[Event "ST-2020-0-00175"]
[Site "LSS email"]
[Date "2020.12.22"]
[Round "?"]
[White "Mueller Alves, Martin"]
[Black "Ploscaru, Stelian"]
[Result "1/2-1/2"]
[WhiteElo "2397"]
[BlackElo "2313"]
[PlyCount "28"]
[EventDate "2020.11.22"]
[EventType "tourn (corr)"]
[EventRounds "6"]
[EventCountry "GER"]
[SourceTitle "Corr 2024"]
[Source "ChessBase"]
[SourceDate "2023.10.19"]
[SourceVersion "1"]
[SourceVersionDate "2023.10.19"]
[SourceQuality "1"]

1. e4 c5 2. Nf3 d6 3. d4 cxd4 4. Nxd4 Nf6 5. Nc3 a6 6. h3 e5 7. Nde2 h5 8. g3 Nbd7 9. a4 Be7 10. Bg2 h4 11. g4 Nc5 12. f4 0-0 13. g5 Nh7 14. Nd5 exf4 1/2-1/2

[Event "ST-2020-0-00175"]
[Site "LSS email"]
[Date "2020.12.22"]
[Round "?"]
[White "Mueller Alves, Martin"]
[Black "Willmann, Bernd"]
[Result "1/2-1/2"]
[WhiteElo "2397"]
[BlackElo "2365"]
[PlyCount "64"]
[EventDate "2020.11.22"]
[EventType "tourn (corr)"]
[EventRounds "6"]
[EventCountry "GER"]
[SourceTitle "Corr 2024"]
[Source "ChessBase"]
[SourceDate "2023.10.19"]
[SourceVersion "1"]
[SourceVersionDate "2023.10.19"]
[SourceQuality "1"]

1. d4 Nf6 2. c4 e6 3. Nf3 b6 4. g3 Ba6 5. b3 Bb4+ 6. Bd2 Be7 7. Bg2 Bb7 8. Nc3 0-0 9. 0-0 d5 10. Ne5 Nbd7 11. Bf4 Ne4 12. Rc1 Nxe5 13. Bxe5 Rc8 14. cxd5 exd5 15. Bh3 f5 16. Qd3 Qd7 17. e3 Ba3 18. Rc2 c5 19. Rb1 Rfe8 20. Qb5 Bc6 21. Qe2 Ng5 22. Bg2 cxd4 23. Bxd4 f4 24. b4 fxe3 25. fxe3 Ne6 26. Qd3 Qd6 27. Nb5 Bxb5 28. Qxb5 Nxd4 29. Qxd5+ Qxd5 30. Bxd5+ Kh8 31. Rxc8 Rxc8 32. exd4 Rd8 1/2-1/2